LEADER 00538naa a2200145 i 4500 001 000000329626 003 CaOOAMICUS 005 20180831173623.0 008 180831n it u000 u ita u 013 $a41301 040 $aSeMil$bita 245 10$aEnrico Galbiati: l'alba dell'ecumenismo. 650 4$aEcumenismo - Italia.$0(OLS)http://semarc/subject/43906 773 0 $tEnrico R. Galbiati (1914-2004).$dMilano : EDUCatt, 2015.$z978-88-6780-773-4$gp.79-102$w()81125 996 $6245$aEnrico Galbiati: l'alba dell'ecumenismo$9(OLS)http://semarc/title/418104 LEADER 01176nam a2200265 i 4500 001 000000048389 003 CaOOAMICUS 005 20250516084028.0 008 130311s1986 xx u000 u ger u 013 $a19559 020 $a3-459-01615-9 040 $aSeMil$bita 100 1 $aBonhoeffer, Dietrich,$d<1906-1945>.$0(OLS)http://semarc/name/690 245 10$a9: Jugend und Studium, 1918-1927 /$cDietrich Bonhoeffer ; hrsg. von Hans Pfeifer in Zusammenarbeit mit Clifford Green und Carl-Jürgen Kaltenborn. 300 $aXII, 712 p. 700 1 $aPfeifer, Hans.$0(OLS)http://semarc/name/23967 700 1 $aKaltenborn, Carl-Jürgen.$0(OLS)http://semarc/name/23969 700 1 $aGreen, Clifford.$0(OLS)http://semarc/name/23968 773 0 $aBonhoeffer, Dietrich <1906-1945>$tWerke.$dMünchen : Chr. Kaiser, 1986-2002.$g9$w()1743 850 $aSeMil 852 $aSeMil$W1$xVenegono$y1$m2LL VI 41$j257029$B14544$CSeMilBibl$Z2$F14544 $81 961 $aSottoscrizione: Glossa (Libreria) 996 $6020$a3-459-01615-9$9(OLS)http://semarc/number/21430 996 $6245$a9: Jugend und Studium, 1918-1927$9(OLS)http://semarc/title/73217 LEADER 00916nam a2200205 i 4500 001 000000055465 003 CaOOAMICUS 005 19970702000000.0 008 970702n xx u000 u eng u 013 $a26637 040 $aSeMil$bita 100 1 $aLawlor, Richard V.,$c.$0(OLS)http://semarc/name/27871 245 14$aThe Basic Strategy of Matthew Ricci in the introduction of Christianity to China. 600 14$aRicci, Matteo .$0(OLS)http://semarc/subject/3746 650 4$aReligione - Cina.$0(OLS)http://semarc/subject/8327 650 4$aTesi di laurea.$0(OLS)http://semarc/subject/1690 650 4$aChiesa cattolica - Cina.$0(OLS)http://semarc/subject/9683 850 $aSeMil 852 $aSeMil$W1$xVenegono$y1$m2I II 563$j21619$B21619$CSeMilBibl$Z2$F21621 $81 996 $6245$aThe Basic Strategy of Matthew Ricci in the introduction of Christianity to China$9(OLS)http://semarc/title/86026 LEADER 01206nam a2200289 i 4500 001 000000119393 003 CaOOAMICUS 005 20031024000000.0 008 031024s1984 it u000 u ita u 013 $a92086 040 $aSeMil$bita 100 1 $aLevi, Abramo,$d<1920-2007>.$0(OLS)http://semarc/name/38511 245 10$aDialogo sulla tenerezza /$cAbramo Levi, M. Cristina Bartolomei Derungs, David M. Turoldo. 260 $aLiscate :$bCENS,$ccopyr. 1984. 300 $a109 p. ;$c19 cm. 490 0 $aQuaderni di ricerca ;$v18 500 $aFondo Card. C.M. Martini. 650 4$aTenerezza - Teologia.$0(OLS)http://semarc/subject/18387 700 1 $aBartolomei-Derungs, Maria Cristina.$0(OLS)http://semarc/name/30891 700 1 $aTuroldo, David Maria,$c.$0(OLS)http://semarc/name/2700 830 0$aQuaderni di ricerca ;$v18.$0(OLS)http://semarc/title/10452 850 $aSeMil 852 $aSeMil$W1$xVenegono$y1$m2D II 259$j74606$B74606$CSeMilBibl$Z2$F101704 $81 941 1 $a4 961 $aOmaggio: Martini Card. Carlo Maria 996 $6245$aDialogo sulla tenerezza$9(OLS)http://semarc/title/175447 996 $6260$aLiscate :$bCENS$9(OLS)http://semarc/publisher/40879